[Event "Topusko op 3rd"]
[Site "Topusko"]
[Date "2014.08.15"]
[Round "9"]
[White "Mainenti, Kevin"]
[Black "Dvorski, Renato"]
[Result "1/2-1/2"]
[WhiteElo "1798"]
[BlackElo "1949"]
[PlyCount "61"]
[EventDate "2014.08.08"]
[EventType "swiss"]
[EventRounds "9"]
[EventCountry "CRO"]
[SourceTitle "CBM 162 Extra"]
[Source "ChessBase"]
[SourceDate "2014.10.17"]
[SourceVersion "1"]
[SourceVersionDate "2014.10.17"]
[SourceQuality "1"]

1. e4 e5 2. Nf3 Nc6 3. Bc4 Nf6 4. d3 Be7 5. Nc3 h6 6. Be3 d6 7. Bb3 0-0 8. Qd2 Bg4 9. h3 Bd7 10. g4 Nh7 11. 0-0-0 Ng5 12. Nxg5 Bxg5 13. f4 exf4 14. Bxf4 Bxf4 15. Qxf4 Nd4 16. Qe3 Nxb3+ 17. axb3 a5 18. Rhg1 a4 19. bxa4 Bxa4 20. g5 h5 21. Qf3 g6 22. Nd5 Bc6 23. Nf6+ Kg7 24. Qe3 Qe7 25. Qd4 Qe5 26. Qxe5 dxe5 27. h4 Ra2 28. b3 Rfa8 29. Kd2 Kf8 30. Rgf1 Ke7 31. Rf2 1/2-1/2

[Event "Topusko op 3rd"]
[Site "Topusko"]
[Date "2014.08.14"]
[Round "8"]
[White "Dvorski, Renato"]
[Black "Dalic, Tadija"]
[Result "0-1"]
[WhiteElo "1949"]
[BlackElo "1821"]
[PlyCount "190"]
[EventDate "2014.08.08"]
[EventType "swiss"]
[EventRounds "9"]
[EventCountry "CRO"]
[SourceTitle "CBM 162 Extra"]
[Source "ChessBase"]
[SourceDate "2014.10.17"]
[SourceVersion "1"]
[SourceVersionDate "2014.10.17"]
[SourceQuality "1"]

1. e4 c5 2. Nf3 d6 3. Bd3 Nf6 4. c3 Nc6 5. h3 e5 6. Bc2 Be7 7. 0-0 0-0 8. Re1 Qc7 9. d3 Ne8 10. Nbd2 f5 11. Nf1 f4 12. Bb3+ Kh8 13. d4 g5 14. dxc5 dxc5 15. N3h2 Ng7 16. Bc2 Be6 17. b3 Rad8 18. Qe2 Qc8 19. Bb2 h5 20. Rad1 Rxd1 21. Bxd1 Qe8 22. Nd2 Qg6 23. f3 Ne8 24. Ba3 Nf6 25. Qb5 Bc8 26. Qc4 b6 27. b4 cxb4 28. Qxc6 bxa3 29. Nc4 Bc5+ 30. Kh1 Qe8 31. Qxe8 Rxe8 32. Ba4 Bd7 33. Bxd7 Nxd7 34. Rd1 Nf6 35. Rd3 Kg8 36. Nf1 b5 37. Na5 Kf8 38. g4 hxg4 39. hxg4 Rc8 40. Nd2 Ke7 41. Kg2 Rc7 42. Kf1 Bb6 43. Nab3 a5 44. Ke2 b4 45. Nb1 a4 46. N3d2 b3 47. Nxa3 Bc5 48. Ndc4 bxa2 49. Nc2 Rb7 50. Na1 Rb1 51. Rd1 a3 52. Nxe5 Rxd1 53. Kxd1 Bd6 54. Nc4 Nd7 55. Kc2 Nc5 56. e5 Bc7 57. Nxa3 Bxe5 58. Nc4 Ke6 59. Nd2 Kd5 60. Nab3 Nxb3 61. Nxb3 Kc4 62. Nd2+ Kd5 63. Nb3 Bf6 64. Kd3 Kc6 65. Kc2 Kb5 66. Kd3 Ka4 67. Kc2 Ka3 68. Na1 Ka4 69. Nb3 Kb5 70. Kd3 Be7 71. Kc2 Ba3 72. Na1 Kc4 73. Nb3 Bc1 74. Na5+ Kb5 75. Nb3 Be3 76. Kb2 Kc4 77. Kc2 Bf2 78. Nd2+ Kb5 79. Kb2 Be1 80. Ne4 Bh4 81. Kxa2 Kc4 82. Kb2 Kd3 83. Kc1 Ke3 84. c4 Kxf3 85. c5 Kxe4 86. c6 f3 87. c7 f2 88. c8Q f1Q+ 89. Kb2 Qe2+ 90. Kb3 Qd3+ 91. Kb2 Qd4+ 92. Kb3 Kf3 93. Qf5+ Qf4 94. Qd7 Qxg4 95. Qd3+ Kg2 0-1

[Event "CRO-chT3 East-A"]
[Site "Croatia"]
[Date "2005.03.20"]
[Round "2.4"]
[White "Zuti, Zeljko"]
[Black "Dvorski, Renato"]
[Result "1/2-1/2"]
[WhiteElo "1914"]
[BlackElo "1950"]
[PlyCount "97"]
[EventDate "2005.03.13"]
[EventType "team-tourn"]
[EventRounds "11"]
[EventCountry "CRO"]
[SourceTitle "EXT 2007"]
[Source "ChessBase"]
[SourceDate "2006.11.23"]
[SourceVersion "1"]
[SourceVersionDate "2006.11.23"]
[SourceQuality "1"]
[WhiteTeam "Spisice Bukovica"]
[BlackTeam "Velimirovac"]
[WhiteTeamCountry "CRO"]
[BlackTeamCountry "CRO"]

1. d4 f5 2. f4 Nf6 3. Nf3 e6 4. e3 Be7 5. Bd3 0-0 6. 0-0 c6 7. Bd2 d5 8. Be1 Ne4 9. Nbd2 Bd7 10. c3 Be8 11. Be2 Nd7 12. Nxe4 fxe4 13. Ne5 Nxe5 14. fxe5 Rxf1+ 15. Kxf1 Bg5 16. Bf2 Bg6 17. Bg4 Qe7 18. Qe2 Rf8 19. Kg1 Bf5 20. Rf1 Qf7 21. Bxf5 Qxf5 22. h4 Be7 23. g4 Qf3 24. Qxf3 Rxf3 25. Kg2 Kf7 26. Bg3 Rxf1 27. Kxf1 Kg6 28. Kg2 h5 29. Kh3 c5 30. Bf4 c4 31. Bg3 b5 32. Be1 a5 33. a3 Kh6 34. Kg3 g5 35. Kh3 Kg6 36. hxg5 Bxg5 37. gxh5+ Kxh5 38. Bd2 Bh4 39. Kh2 Kg4 40. Kg2 Bg3 41. Bc1 Be1 42. Kf1 Bh4 43. Kg2 Be7 44. Bd2 Bh4 45. Bc1 Kf5 46. Bd2 Kg6 47. Kh2 Kf7 48. Kh3 Be7 49. Kg4 1/2-1/2